000 00653nam a2200277Ia 4500
005 20260324120158.0
008 008 260324s9999 xx 000 0 eng d
020 _a9781315732282
037 _aEBOOK
040 _aCRL
040 _beng
040 _cCRL
041 _2eng
041 _aeng
084 _qCRL
100 _aBen Agger
_91157549
245 0 _aOversharing: Presentations of Self in the Internet Age
260 _bTaylor and Francis
260 _c2015
365 _a
365 _b280
856 _uhttp://www.taylorfrancis.com/books/9781315732282
942 _cEBOOK
999 _c1748927
_d1748927